Enivornmentálna politika a jej nástroje diplomová práca

Saved in:
Bibliographic Details
Main Author: Ravaszová, Monika
Corporate Author: Národohospodárska fakulta EU. Katedra financií
Other Authors: Červeňová, Magdaléna, 1962-
Format: Book
Language:Slovak
Published: Bratislava 2011
Tags: Add Tag
No Tags, Be the first to tag this record!

MARC

LEADER 00000nbm a2200000 4500
001 0130842
005 20161109101623.0
041 0 |a slo 
044 |a SK 
245 1 0 |a Enivornmentálna politika a jej nástroje  |b diplomová práca  |c Monika Ravaszová ; školiteľ: Magdaléna Červeňová 
264 1 |a Bratislava  |c 2011 
300 |a 83 s. 
100 1 |a Ravaszová, Monika 
700 1 |a Červeňová, Magdaléna, 1962- 
710 2 |a Národohospodárska fakulta EU. Katedra financií